| 000 | 00358nam a22001217a 4500 | ||
|---|---|---|---|
| 999 |
_c10147 _d10147 |
||
| 003 | OSt | ||
| 008 | 201218b ||||| |||| 00| 0 eng d | ||
| 245 | _aJournal of Internet and Computer Security | ||
| 250 | _a2014(Jan-Jun Vol.2 No.1, Jul-Dec Vol.2 No.2) | ||
| 260 |
_aNew Delhi _bOcean Research Journals |
||
| 650 | _aInformation Technology | ||
| 942 |
_2ddc _cBV |
||